Súčasné problémy výučby vybraných predmetov na Katedre aplikovanej informatiky FHI

Výučba predmetov Databázové systémy a dátové sklady a Umelá inteligencia a expertné systémy. Využitie Learning Management systému Moodle. Na tomto systéme je vytvorený kompletný kurz s prednáškami, cvičeniami, zadaniami projektov a testami, pričom učiteľ tu môže zadania hodnotiť a mať ich štatistick...

Description complète

Enregistré dans:
Détails bibliographiques
Auteur principal: Kastl, Daniel
Format: Chapitre de livre
Langue:slovaque
Sujets:
Tags: Ajouter un tag
Pas de tags, Soyez le premier à ajouter un tag!

MARC

LEADER 00000nla$a2200000$$$4500
001 0127949
005 20240502072446.8
041 0 |a slo 
044 |a SK 
245 1 0 |a Súčasné problémy výučby vybraných predmetov na Katedre aplikovanej informatiky FHI  |c Daniel Kastl 
520 |a Výučba predmetov Databázové systémy a dátové sklady a Umelá inteligencia a expertné systémy. Využitie Learning Management systému Moodle. Na tomto systéme je vytvorený kompletný kurz s prednáškami, cvičeniami, zadaniami projektov a testami, pričom učiteľ tu môže zadania hodnotiť a mať ich štatisticky súhrnne vyhodnotené. Predmet Umelá inteligencia a expertné systémy na cvičeniach rozoberá programovanie v prostredí CLIPS. 
610 2 0 |a vzdelávanie vysokoškolské 
610 2 0 |a vzdelávanie elektronické 
610 2 0 |a počítače 
610 2 0 |a študenti 
610 2 0 |a učitelia 
610 2 0 |a predmety učebné 
610 2 0 |a kurzy 
610 2 0 |a informatika aplikovaná 
100 1 |a Kastl, Daniel